Incentives and political economy (Record no. 267046)

MARC details
000 -LEADER
fixed length control field 00655nam a2200217Ia 4500
008 - FIXED-LENGTH DATA ELEMENTS--GENERAL INFORMATION
fixed length control field 191130s2007##################000#0#eng##
020 ## - INTERNATIONAL STANDARD BOOK NUMBER
ISBN 9780199248681
082 ## - DEWEY DECIMAL CLASSIFICATION NUMBER
Classification number 338.9 LAF
100 ## - MAIN ENTRY--AUTHOR NAME
Personal name Laffont, Jean-Jacques
245 ## - TITLE STATEMENT
Title Incentives and political economy
Statement of responsibility, etc Jean-Jacques Laffont
260 ## - PUBLICATION, DISTRIBUTION, ETC. (IMPRINT)
Place of publication Oxford
Name of publisher Oxford University Press
Year of publication c 2007
300 ## - PHYSICAL DESCRIPTION
Number of Pages xii, 257 p
500 ## - GENERAL NOTE
General note Includes bibliographical references (p. [231]-242) and index
650 ## - SUBJECT ADDED ENTRY--TOPICAL TERM
Topical Term Commercial policy
Topical Term Economic policy
Topical Term Industrial policy
991 ## -
-- 278688
Holdings
Withdrawn status Lost status Damaged status Not for loan Home library Current library Shelving location Date acquired Full call number Accession Number Price effective from Koha item type
        Anna Centenary Library Anna Centenary Library 4TH FLOOR, A WING 13.10.2020 338.9 LAF 182989 13.10.2020 English Books

Find us on the map